Statistics for Answers Contain Life

Click here to take the quiz!

General Stats

  • This quiz has been taken 20 times
  • The average score is 3 of 11

Answer Stats

HintAnswer% Correct
Term for an anti-abortionistPro-life
79%
Insurance company headquartered in New YorkMetLife
58%
Board game that simulates a life's journeyThe Game of Life
53%
One sole thing on which you're dependentLifeline
42%
Widely followed publication which ceased in 2000Life Magazine
32%
Something non-organic which has elements of lifeLifelike
26%
Christian bookstore based in TennesseeLifeWay
16%
School found in the Atlanta areaLife University
11%
Pseudo-scientific unit corresponding to one lifeLifetime
11%
'Cellular automaton' created in 1970Conway's Game of Life
11%
42, as defined by Douglas AdamsAnswer to Life
11%

Score Distribution

Percentile by Number Answered

Percent of People with Each Score

Your Score History

You have not taken this quiz